01764nam a22003977a 4500003000500000005001700005008004100022010001000063011001000073035001000083040000900093082001400102100003900116245005900155260006100214300001100275490006100286500003900347590004100386590004100427590004100468590004100509590004100550590004200591650002300633830006900656901000700725942001000732949006400742949006900806949006700875999001700942952013400959952013901093952013401232CHAP20220329140517.0971013s1983 r 00010 d a53089 a54061 a58211 cCHAP a674.2bS300aSánchez Rojas, Leonardo.9107808 aTécnicas para ubicación de aserraderos en México aChapingo, Méx. :bUACH. Departamento de Bosques,c1983 a105 h. aUACH. Departamento de Bosques. Boletín técnicov; 17 aPublicado originalmente como tesis aBATCH-UPDb10c20130110lUCH01h0119 aBATCH-UPDb10c20130110lUCH01h1006 aBATCH-UPDb10c20130409lUCH01h2112 aBATCH-UPDb10c20130410lUCH01h0616 aBATCH-UPDb10c20130914lUCH01h0417 aCONVERSIONb10c20130109lUCH01h132914aAserraderos.978920 aUACH. Departamento de Bosques. Boletín técnicov; 179115857 aBK cLIBRO a674.2 S3bBCcLIBROd33724000106829eLIBROh62685i58211si a674.2 S3bBCcLIBROd33724000106837eLIBROfc.2h63615i58211si a674.2 S3bBCcUACHd33724000106845eUACHfc.3h34536i58211si c53089d53089 00102ddc4052708GRALaBCbBCcPP_GRALd2019-12-31fLIBROl0o674.2 S3p33724000106829r2019-12-31 00:00:00w2019-12-31yLIBRO 00102ddc4052708GRALaBCbBCcPP_GRALd2019-12-31fLIBROl0o674.2 S3p33724000106837r2019-12-31 00:00:00tc.2w2019-12-31yLIBRO 00104051708UACHaBCbBCcPA_UACHd2019-12-31fLIBROl0o674.2 S3p33724002479595r2019-12-31 00:00:00tc.3w2019-12-31yLIBRO